Statistics for Hardest NBA Quiz you will ever take for Kot4q

Click here to take the quiz!

General Stats

  • This quiz has been taken 38 times
  • The average score is 7 of 20

Answer Stats

HintAnswer% Correct
9.Gimme Question:number 77 of the Mavs?Luka Doncic
88%
19.Gimme Question:Youngest MVP everDerrick Rose
82%
15.Gimme Question NBA player nicknamed LinsanityJeremy Lin
74%
16.Which Lithuanian NBA Center won the Gold Medal in 1988 and has a child playing for the Pacers.Arvydas Sabonis
56%
10.Who used to be the Mavericks leading scorer for 2 years and now plays for the kingsHarrison Barnes
53%
3.Who was the starting center for the 87 Bulls?Artis Gilmore
50%
14.NBA player who helped his professors write a chapter called Blowhards,Snobs and NarcissistsTim Duncan
47%
6.What was Mike Miller's Free throw % in his best scoring season?(rounded)79
44%
11.Gimme Question:Who had a song named after themMo Bamba
41%
20.First name of Shaqs duo in Orlando.Anfernee
35%
17.NBA player who joined the stage with Travis Scott and Drake when they were performing Sicko Mode?Lebron
29%
4.former Spurs Center who has the 50th highest PER all time(as of March 3 2019)Pau Gasol
26%
13.NBA player who did a Cameo for a movie called Office Christmas partyJimmy Butler
21%
12.In the Bleacher Report series Game Of Zones,who was the 3rd dirk beside Luka and Kristapz.?Maxi Kleber
21%
7.Who was the 28th pick of the 2019 draft?Jordan Poole
18%
2.Half British Bulls player who scored 9 more points than Hedo Turkoglu career high on his own career highBen Gordon
15%
5.Gimme Question:Number 15 for the Bulls right nowChandler Hutchison
12%
1.Who is one day older than Devonte Graham yet was drafted 2 years earlier?Andrew Wiggins
9%
8.NBA Player has a nickname "The Rock"?Mitch Richmond
9%
18.Who was the backup Turkish Center for the 2004 pistons who shot 37.5 from the 3?Memhet Okur
3%

Score Distribution

Percentile by Number Answered

Percent of People with Each Score

Your Score History

You have not taken this quiz